No Spin Zone: TV Shows Quiz Stats

 Plays Quiz not verified by Sporcle

Score 0/13 Timer 03:00
0 Plays Today
Question Answer Wrong Answers
Which show did NOT Spin-Off from 'Happy Days'? That 70's Show
92.8%
Joanie Loves Chachi
0.7%
Mork And Mindy
2.3%
Laverne And Shirley
1.1%
Which show did NOT Spin-Off from 'The Brady Bunch'? Eight Is Enough
88%
The Brady Kids
2.2%
The Brady Brides
5%
The Bradys
2.5%
Which show did NOT Spin-Off from 'Keeping Up With The Kardashians'? Spin City
85.5%
I Am Cait
4.3%
Rob & Chyna
1.8%
Dash Dolls
5.2%
Which show did NOT Spin-Off from 'Star Trek: The Original Series'? Voyagers!
84.2%
Star Trek: The Animated Series
9.2%
Star Trek: Deep Space Nine
1.3%
Star Trek: Enterprise
0.9%
Which show did NOT Spin-Off from 'The Mary Tyler Moore Show'? Mary Hartman, Mary Hartman
81.7%
Rhoda
1.6%
Phyllis
11.3%
Lou Grant
4.7%
Which show did NOT Spin-Off from 'Saturday Night Live'? Evening Shade
80.6%
The Coneheads
3.2%
TV Funhouse
10.2%
Saturday Night Live Weekend Update Thursday
2%
Which show did NOT Spin-Off from 'All In The Family'? The U.S. Of Archie
79.9%
Gloria
11%
Maude
5.6%
The Jeffersons
3.2%
Which show did NOT Spin-Off from 'The Bachelor'? Bachelor Father
78.8%
The Bachelorette
1.6%
Bachelor In Paradise
2.3%
Bachelor Pad
15.3%
Which show did NOT Spin-Off from 'The Oprah Winfrey Show'? The Ellen Show
78.1%
The Dr. Oz Show
3.1%
Rachael Ray
16.3%
Dr. Phil
1.6%
Which show did NOT Spin-Off from 'Wacky Races'? Cars
71.3%
The Perils Of Penelope Pitstop
6.5%
Fender Bender 500
13.3%
Dastardly & Muttley In Their Flying Machines
4.3%
Which show did NOT Spin-off from the animated series 'The Archie Show'? Archie Bunker's Place
65.5%
Groovie Goolies
9.2%
Sabrina The Teenage Witch
21.5%
The New Archies
2.2%
Which show did NOT Spin-Off from the animated series 'The Flintstones'? Fred: The Show
62.3%
The Pebbles and Bamm-Bamm Show
0%
Cave Kids
32.9%
The New Fred And Barney Show
2.2%
Which show did NOT Spin-Off from 'Sanford And Son'? Good Times
58.5%
Grady
15.3%
Sanford
5.9%
Sanford Arms
16.5%

You're not logged in!

Compare scores with friends on all Sporcle quizzes.
OR
Log In

Sporcle TV

Today on Sporcle TV


Watch our educational content, quiz creation guides, and fun videos on Sporcle TV.

Show Comments

Extras

Created Dec 22, 2017ReportNominate
Tags:Show Quiz, spin, spin-off, Zone

Top Quizzes Today


Score Distribution

Your Account Isn't Verified!

In order to create a playlist on Sporcle, you need to verify the email address you used during registration. Go to your Sporcle Settings to finish the process.

Report this User

Report this user for behavior that violates our Community Guidelines.

Details: